Methods of mathematical physics: vol.1 (Record no. 12707)

MARC details
000 -LEADER
fixed length control field 00540nam a2200181Ia 4500
003 - CONTROL NUMBER IDENTIFIER
control field IN-BaIIA
008 - FIXED-LENGTH DATA ELEMENTS--GENERAL INFORMATION
fixed length control field 211028s9999 xx 000 0 eng d
040 ## - CATALOGING SOURCE
Transcribing agency IIA Library
080 ## - UNIVERSAL DECIMAL CLASSIFICATION NUMBER
Universal Decimal Classification number 51
Item number COU
100 ## - MAIN ENTRY--PERSONAL NAME
Personal name Courant, R.
245 #0 - TITLE STATEMENT
Title Methods of mathematical physics: vol.1
Statement of responsibility, etc. R. Courant and Hilbert, D
260 ## - PUBLICATION, DISTRIBUTION, ETC.
Place of publication, distribution, etc. New York
Name of publisher, distributor, etc. Interscience Publishers
Date of publication, distribution, etc. 1953
300 ## - PHYSICAL DESCRIPTION
Extent xv, 561p.
650 ## - SUBJECT ADDED ENTRY--TOPICAL TERM
Topical term or geographic name entry element Mathematics
9 (RLIN) 82
650 ## - SUBJECT ADDED ENTRY--TOPICAL TERM
Topical term or geographic name entry element Physics
9 (RLIN) 73
700 ## - ADDED ENTRY--PERSONAL NAME
Personal name D, Hilbert,
9 (RLIN) 22253
942 ## - ADDED ENTRY ELEMENTS (KOHA)
Koha item type Books
Holdings
Withdrawn status Lost status Damaged status Not for loan Home library Current library Shelving location Date acquired Total Checkouts Full call number Barcode Date last seen Price effective from Koha item type
        IIA Library-Bangalore IIA Library-Bangalore General Stacks 08/10/1998   51/ COU 13624 05/11/2021 08/10/1998 Books

Powered by Koha